Central Library OPAC University of Rajshahi

Dynamics of the female labour force in Argentina / (Record no. 28176)

MARC details
000 -LEADER
fixed length control field 00800nam a2200265 a 4500
001 - CONTROL NUMBER
control field 28176
003 - CONTROL NUMBER IDENTIFIER
rucl marc code BD-RjUL
005 - DATE AND TIME OF LATEST TRANSACTION
control field 20211209051240.0
008 - FIXED-LENGTH DATA ELEMENTS--GENERAL INFORMATION
fixed length control field 140329t1983 fr a bs i000 0 eng d
020 ## - INTERNATIONAL STANDARD BOOK NUMBER
International Standard Book Number 9231019961 (pbk.)
035 ## - SYSTEM CONTROL NUMBER
System control number (BD-RjUL)28257
040 ## - CATALOGING SOURCE
Original cataloging agency DLC
Transcribing agency DLC
Modifying agency DLC
-- BD-RjUL
Language of cataloging eng
041 ## - LANGUAGE CODE
Language code of text/sound track or separate title eng
082 00 - DEWEY DECIMAL CLASSIFICATION NUMBER
Classification number 331.40982
Edition number 19
Author mark and year RED 1983
100 2# - MAIN ENTRY--PERSONAL NAME
Personal name Recchini de Lattes, Zulma L.
9 (RLIN) 86313
245 10 - TITLE STATEMENT
Title Dynamics of the female labour force in Argentina /
Statement of responsibility, etc. Zulma Recchini de Lattes.
260 ## - PUBLICATION, DISTRIBUTION, ETC. (IMPRINT)
Place of publication, distribution, etc. Paris :
Name of publisher, distributor, etc. Unesco,
Date of publication, distribution, etc. 1983.
300 ## - PHYSICAL DESCRIPTION
Pagination 98 p. :
Illustrations ill. ;
Size 24 cm.
504 ## - BIBLIOGRAPHY, ETC. NOTE
Bibliography, etc includes Bibliography
650 #0 - SUBJECT ADDED ENTRY--TOPICAL TERM
Topical term or geographic name as entry element Women
General subdivision Employment
Geographic subdivision Argentina.
9 (RLIN) 86315
942 ## - ADDED ENTRY ELEMENTS (KOHA)
Source of classification or shelving scheme Dewey Decimal Classification
Koha item type Books
Holdings
Lost status Source of classification or shelving scheme Damaged status Not for loan Collection code Permanent Location Current Location Shelving location Date acquired Source of acquisition Total Checkouts Full call number Date last seen Copy number Koha item type
  Dewey Decimal Classification   Added to bundle Non-fiction Central Library, University of Rajshahi Central Library, University of Rajshahi Reading Room 12/09/1984 asia foundation   331.40982 RED 1983 29/03/2014 C-1 Books